000 00584nam a22001697a 4500
020 _a0898714850
082 _a515.64
100 _aBoyd, Stephen
245 _aLinear Matrix Inequalities in System and Control Theory
260 _aUSA
_bSiam Publishing
_c1994
300 _aix, 193 p.
_bill. ;
490 _aStudies in Applied Mathematics
500 _aIncludes bibliographical references and index.
650 _a1. Control theory. 2. Matrix inequalities. 3. Mathematical Optimization.
700 _aGhaoui, Laurent El. Feron Eric. Balakrishnan Venkataramanan.
942 _cBK
999 _c12119
_d12119